[Event "Stockerau-Open 2010 B-Turnier"]
[Site "Veranstaltungszentrum Z2000 -"]
[Date "2010.05.13"]
[Round "1"]
[White "Birg, Jovan"]
[Black "Kuehnert, Wolfgang"]
[Result "0-1"]
[WhiteElo "1940"]
[BlackElo "1681"]
[PlyCount "90"]
[EventDate "2010.05.13"]

1. e4 c6 2. d4 d5 3. Nc3 dxe4 4. Nxe4 Bf5 5. Ng3 Bg6 6. Bc4 e6 7. Nf3 Nf6 8.
O-O Bd6 9. c3 O-O 10. Qe2 Re8 11. Ne5 Qc7 12. Re1 Nbd7 13. Bg5 Nd5 14. Nxg6
hxg6 15. Qf3 N7f6 16. h3 Bf4 17. Bxf6 Nxf6 18. Ne4 Nxe4 19. Rxe4 Bg5 20. Rae1
Rad8 21. g3 Bf6 22. Kg2 Kf8 23. h4 c5 24. dxc5 Qxc5 25. R1e2 Rd6 26. Bb3 Qh5
27. Qe3 b6 28. Rf4 Red8 29. Rc4 Qd5+ {remis} 30. Re4 Qc6 31. Kh2 Qc7 32. Qf4
Qd7 33. Qg4 Rd2 34. h5 Rxe2 35. Rxe2 g5 36. Qf3 Ke7 37. Kg2 Qd3 38. Re3 Qd6 39.
Qe4 Rh8 40. Rd3 Qc7 41. Rd5 Kf8 42. Ba4 Rxh5 43. Rd7 Qb8 44. Rxa7 Qxa7 45. Qc6
Qb8 0-1

[Event "Stockerau-Open 2010 B-Turnier"]
[Site "Veranstaltungszentrum Z2000 -"]
[Date "2010.05.13"]
[Round "1"]
[White "Pantelic, Slobodan"]
[Black "Gockner, Martin"]
[Result "0-1"]
[WhiteElo "1758"]
[BlackElo "1994"]
[PlyCount "94"]
[EventDate "2010.05.13"]

1. Nf3 Nf6 2. d4 d5 3. Bf4 e5 4. e3 c5 5. Bb5+ Bd7 6. Bxd7+ Nbxd7 7. c3 Rc8 8.
O-O Be7 9. Nxe5 O-O 10. Nd2 c4 11. a3 Nxe5 12. Bxe5 Bd6 13. Bxf6 Qxf6 14. e4
Qh6 15. e5 Be7 16. f4 f6 17. Qg4 fxe5 18. fxe5 Bg5 19. Nf3 Be3+ 20. Kh1 Rf4 21.
Qg3 Rcf8 22. Rae1 R4f5 23. Qg4 Bf4 24. h3 Bd2 25. Rd1 Be3 26. Rde1 Bg5 27. Kg1
Be3+ 28. Kh1 Rf4 29. Qg3 Re4 30. h4 Rff4 31. Rxe3 Rxe3 32. Qf2 Ree4 33. g3 Rf5
34. Qg2 b5 35. Kg1 Qe3+ 36. Kh2 h6 37. Rf2 Qd3 38. Qf1 Qxf1 39. Rxf1 Re2+ 40.
Kh3 Rxb2 41. Kg4 h5+ 42. Kh3 Rc2 43. g4 hxg4+ 44. Kxg4 Rxc3 45. h5 Rcxf3 46.
Rxf3 Rxf3 47. Kxf3 Kh7 0-1

[Event "Stockerau-Open 2010 B-Turnier"]
[Site "Veranstaltungszentrum Z2000 -"]
[Date "2010.05.13"]
[Round "1"]
[White "Mischek, Gerhard"]
[Black "Paseka, Christian"]
[Result "1-0"]
[WhiteElo "1864"]
[BlackElo "1769"]
[PlyCount "95"]
[EventDate "2010.05.13"]

1. e4 c5 2. Nf3 d6 3. d4 cxd4 4. Nxd4 Nf6 5. Nc3 Nc6 6. Bc4 e6 7. O-O a6 8. Bg5
Be7 9. Qd2 Qc7 10. Rad1 Na5 11. Bb3 b5 12. Ndxb5 axb5 13. Nxb5 Qb6 14. Nxd6+
Qxd6 15. Qxd6 Bxd6 16. Rxd6 Nxb3 17. axb3 Nd7 18. Rfd1 h6 19. Be3 Ke7 20. f3
Ra2 21. Bd4 f6 22. Bc3 Ra6 23. Rxa6 Bxa6 24. Bb4+ Kd8 25. Rd6 Bb7 26. Rxe6 Kc8
27. Kf2 Rg8 28. Ke3 g5 29. c4 g4 30. f4 h5 31. c5 Nb8 32. Rxf6 Re8 33. e5 Bxg2
34. Bc3 Nd7 35. Rh6 Nxc5 36. b4 Na4 37. Bd4 Kb7 38. b3 Rc8 39. bxa4 Rc1 40.
Rxh5 Bf3 41. Rh7+ Kc8 42. f5 Re1+ 43. Kd2 Rd1+ 44. Kc3 Rc1+ 45. Kb2 Rh1 46. e6
g3 47. Rh8+ Kb7 48. hxg3 1-0

[Event "Stockerau-Open 2010 B-Turnier"]
[Site "Veranstaltungszentrum Z2000 -"]
[Date "2010.05.13"]
[Round "1"]
[White "Hoedl, Robert"]
[Black "Kunschek, Horst"]
[Result "1/2-1/2"]
[WhiteElo "1639"]
[BlackElo "1974"]
[PlyCount "47"]
[EventDate "2010.05.13"]

1. e4 e5 2. Nf3 Nc6 3. d4 exd4 4. Bc4 Bc5 5. c3 d6 6. O-O h6 7. Bf4 Nge7 8.
Nbd2 O-O 9. Nb3 Bb6 10. Bg3 Bg4 11. Nbxd4 Na5 12. Bb5 c6 13. Ba4 c5 14. Nc2 d5
15. exd5 Nxd5 16. c4 Nf6 17. Qxd8 Raxd8 18. Ne3 Bxf3 19. gxf3 Rd2 20. Be5 Nd7
21. Bc3 Rd6 22. Kh1 Nc6 23. Bxc6 Rxc6 24. Nf5 1/2-1/2

[Event "Stockerau-Open 2010 B-Turnier"]
[Site "Veranstaltungszentrum Z2000 -"]
[Date "2010.05.13"]
[Round "1"]
[White "Seidler, Dieter"]
[Black "Prochaska, Johann"]
[Result "1-0"]
[WhiteElo "1894"]
[BlackElo "1636"]
[PlyCount "63"]
[EventDate "2010.05.13"]

1. d4 f5 2. g3 g6 3. Bg2 Nf6 4. Nf3 Bg7 5. O-O O-O 6. c4 d6 7. Nc3 Qe8 8. d5 a6
9. Rb1 Nbd7 10. Nd4 Ne5 11. b3 e6 12. Nxe6 Bxe6 13. dxe6 Rb8 14. Nd5 Qxe6 15.
Nxc7 Qd7 16. Nd5 b5 17. Bf4 Qd8 18. c5 Nh5 19. Nb4 Nxf4 20. gxf4 dxc5 21. Nxa6
Ng4 22. Nxb8 Qxb8 23. Qd5+ Kh8 24. h3 Qxf4 25. hxg4 Be5 26. Rfd1 Qh2+ 27. Kf1
fxg4 28. Qxc5 Qf4 29. Rd5 Bc3 30. Qxc3+ Kg8 31. Qd4 Qf7 32. Rd7 1-0

[Event "Stockerau-Open 2010 B-Turnier"]
[Site "Veranstaltungszentrum Z2000 -"]
[Date "2010.05.13"]
[Round "1"]
[White "Tollerian, Karlheinz"]
[Black "Wetzenkircher, Markus"]
[Result "0-1"]
[WhiteElo "1634"]
[BlackElo "1614"]
[PlyCount "58"]
[EventDate "2010.05.13"]

1. d4 f5 2. c4 Nf6 3. Nc3 e6 4. a3 c6 5. Nf3 d5 6. cxd5 exd5 7. g3 Bd6 8. Ne5
O-O 9. Bg2 a5 10. O-O Qc7 11. f4 Nbd7 12. Be3 Ne4 13. Bxe4 fxe4 14. Rc1 Qd8 15.
Nxd7 Qxd7 16. Bf2 Qh3 17. Be3 Kh8 18. Rf2 Qh5 19. Kh1 Bg4 20. Nb1 Rf7 21. Nd2
Raf8 22. Nf1 g5 23. Qd2 gxf4 24. gxf4 Qh4 25. Ng3 Bd7 26. Rcf1 Rg8 27. Rg1 Rfg7
28. Qxa5 Rxg3 29. Rxg3 Rxg3 0-1

[Event "Stockerau-Open 2010 B-Turnier"]
[Site "Veranstaltungszentrum Z2000 -"]
[Date "2010.05.13"]
[Round "1"]
[White "Rusek, Walter"]
[Black "Fink, Helmut"]
[Result "1/2-1/2"]
[WhiteElo "1849"]
[BlackElo "1633"]
[PlyCount "40"]
[EventDate "2010.05.13"]

1. d4 d5 2. c4 e6 3. Nc3 Nf6 4. Nf3 c6 5. cxd5 exd5 6. Bg5 Be7 7. e3 Bg4 8. h3
Bh5 9. Be2 Nbd7 10. O-O O-O 11. Qb3 Qc8 12. Rac1 Re8 13. Bf4 Nb6 14. Nb5 Ne4
15. Nc7 Bxf3 16. Nxa8 Bxe2 17. Nxb6 axb6 18. Rfe1 Ba6 19. Qxb6 Qf5 20. Qc7 Bd8
1/2-1/2

[Event "Stockerau-Open 2010 B-Turnier"]
[Site "Veranstaltungszentrum Z2000 -"]
[Date "2010.05.13"]
[Round "1"]
[White "Scharf, Leopold"]
[Black "Lehner, Erich"]
[Result "1-0"]
[WhiteElo "1628"]
[BlackElo "1957"]
[PlyCount "49"]
[EventDate "2010.05.13"]

1. e4 e6 2. d4 d5 3. exd5 exd5 4. Bd3 h6 5. Nc3 Nf6 6. Nf3 Bb4 7. O-O O-O 8.
Ne2 Bg4 9. Kh1 Nc6 10. c3 Bd6 11. Qc2 Re8 12. Be3 Ne4 13. Qb3 Bxf3 14. gxf3 Qh4
15. f4 Nf6 16. Rg1 Ng4 17. Rg2 Nxe3 18. fxe3 Rxe3 19. Qxb7 Rb8 20. Qxc6 Rxd3
21. Rag1 Bf8 22. Qxc7 Rxb2 23. Qe5 g6 24. Qf5 Qh3 25. Rxg6+ 1-0

[Event "Stockerau-Open 2010 B-Turnier"]
[Site "Veranstaltungszentrum Z2000 -"]
[Date "2010.05.13"]
[Round "1"]
[White "Kersten, Julian"]
[Black "Muik, Josef Jun"]
[Result "1-0"]
[WhiteElo "1993"]
[BlackElo "1855"]
[PlyCount "111"]
[EventDate "2010.05.13"]

1. e4 Nf6 2. e5 Nd5 3. d4 d6 4. Nf3 g6 5. Be2 Bg7 6. exd6 cxd6 7. O-O O-O 8.
Re1 Nc6 9. c3 Qc7 10. Nbd2 a6 11. a4 e5 12. Ne4 Nf6 13. Nxf6+ Bxf6 14. Bh6 Re8
15. h4 Ne7 16. Bg5 Bg7 17. Qd2 e4 18. Nh2 d5 19. h5 f6 20. Bf4 Qc6 21. hxg6
hxg6 22. f3 g5 23. Bg3 Nf5 24. Nf1 e3 25. Qd3 Nxg3 26. Nxg3 Qd6 27. Nf1 Qf4 28.
Bd1 Bf5 29. Qe2 Kf7 30. g3 Qc7 31. Kg2 g4 32. Bc2 gxf3+ 33. Kxf3 Bxc2 34. Qxc2
e2 35. Rxe2 Rxe2 36. Qxe2 Re8 37. Qd3 Qe7 38. Ne3 Qe4+ 39. Qxe4 dxe4+ 40. Kg2
Ke6 41. Rh1 Rh8 42. Rxh8 Bxh8 43. g4 Bg7 44. Nf5 Bf8 45. Kg3 b5 46. axb5 axb5
47. Kf4 b4 48. Kxe4 bxc3 49. bxc3 Ba3 50. d5+ Kd7 51. c4 Bc5 52. Ng7 Ke7 53.
Ne6 Bd6 54. c5 Bg3 55. Kf5 Be5 56. g5 1-0

[Event "Stockerau-Open 2010 B-Turnier"]
[Site "Veranstaltungszentrum Z2000 -"]
[Date "2010.05.13"]
[Round "1"]
[White "Mucha, Martin"]
[Black "Wantscher, Juergen"]
[Result "0-1"]
[WhiteElo "1619"]
[BlackElo "1796"]
[PlyCount "71"]
[EventDate "2010.05.13"]

1. e4 c5 2. Nf3 Nc6 3. d4 cxd4 4. Nxd4 Nf6 5. Nc3 e5 6. Ndb5 d6 7. Bg5 a6 8.
Na3 b5 9. Nd5 Be7 10. Nxe7 Qxe7 11. c3 h6 12. Bxf6 Qxf6 13. Qd5 Bb7 14. Rd1 Na5
15. Qd3 O-O 16. Be2 Rfd8 17. O-O d5 18. exd5 Bxd5 19. Qe3 Bxa2 20. Rd2 Rxd2 21.
Qxd2 Rd8 22. Qe3 Bb3 23. Bd3 Qd6 24. Bb1 Bc4 25. Re1 f6 26. Nxc4 Nxc4 27. Qe4
Kf8 28. Qh7 Qe6 29. Ba2 Rd2 30. Qb1 Qb6 31. Qf5 Qd6 32. Qc8+ Ke7 33. Bxc4 bxc4
34. Qxc4 Rxb2 35. Ra1 Qb6 36. Qe4 0-1

[Event "Stockerau-Open 2010 B-Turnier"]
[Site "Veranstaltungszentrum Z2000 -"]
[Date "2010.05.13"]
[Round "1"]
[White "Grand, Michael"]
[Black "Pittner, Stefan"]
[Result "1-0"]
[WhiteElo "1783"]
[BlackElo "1619"]
[PlyCount "37"]
[EventDate "2010.05.13"]

1. d4 b5 2. e4 a6 3. Nf3 Bb7 4. Bd3 e6 5. O-O c5 6. Be3 c4 7. Be2 Bxe4 8. Nbd2
Nf6 9. a4 Nc6 10. Ne5 d6 11. Nxe4 dxe5 12. Nxf6+ gxf6 13. Bf3 Rc8 14. axb5 axb5
15. Bxc6+ Rxc6 16. Qf3 Qd5 17. Qxf6 exd4 18. Ra8+ Kd7 19. Qd8# 1-0

[Event "Stockerau-Open 2010 B-Turnier"]
[Site "Veranstaltungszentrum Z2000 -"]
[Date "2010.05.13"]
[Round "1"]
[White "Pasteiner, Gernot"]
[Black "Reichert, Wolfram"]
[Result "0-1"]
[WhiteElo "1608"]
[BlackElo "1836"]
[PlyCount "66"]
[EventDate "2010.05.13"]

1. d4 Nf6 2. Nf3 c5 3. c3 e6 4. Bg5 cxd4 5. Qxd4 Nc6 6. Bxf6 Qxf6 7. Qxf6 gxf6
8. e4 Bc5 9. Nbd2 a5 10. Bb5 Rg8 11. O-O e5 12. Nc4 Na7 13. a4 Nc6 14. Rad1 Ke7
15. h3 Na7 16. Rd5 d6 17. Kh2 Nxb5 18. axb5 Be6 19. Rxc5 dxc5 20. Ne3 c4 21.
Nh4 Rad8 22. f4 Rd3 23. Nef5+ Bxf5 24. Nxf5+ Ke6 25. fxe5 fxe5 26. Ra1 b6 27.
Ra4 Rd2 28. Ng3 Rxb2 29. Rxc4 Rxb5 30. Rc6+ Kd7 31. Rh6 Rb3 32. Rxh7 Rxc3 33.
Rxf7+ Ke6 0-1

[Event "Stockerau-Open 2010 B-Turnier"]
[Site "Veranstaltungszentrum Z2000 -"]
[Date "2010.05.13"]
[Round "1"]
[White "Infuehr, Heinrich"]
[Black "Baronbeck, Johann"]
[Result "0-1"]
[WhiteElo "1761"]
[BlackElo "1606"]
[PlyCount "52"]
[EventDate "2010.05.13"]

1. d4 e5 2. d5 Bc5 3. Nc3 f5 4. g3 Nf6 5. Bg5 Bxf2+ 6. Kd2 h6 7. Bxf6 Qxf6 8.
Nh3 Bb6 9. Bg2 f4 10. gxf4 exf4 11. Qf1 Be3+ 12. Ke1 O-O 13. Nd1 Qd4 14. Nxe3
fxe3 15. Qxf8+ Kxf8 16. Rf1+ Kg8 17. Rf3 d6 18. Rd1 Qh4+ 19. Kf1 Na6 20. Rf4
Qe7 21. Rdd4 Bxh3 22. Bxh3 Rf8 23. Be6+ Kh8 24. Rf3 Rxf3+ 25. exf3 Nc5 26. Bf5
Qe5 0-1

[Event "Stockerau-Open 2010 B-Turnier"]
[Site "Veranstaltungszentrum Z2000 -"]
[Date "2010.05.13"]
[Round "1"]
[White "Holzleithner, Johannes"]
[Black "Molnar, Kristof"]
[Result "0-1"]
[WhiteElo "1576"]
[BlackElo "1760"]
[PlyCount "123"]
[EventDate "2010.05.13"]

1. e4 c5 2. Nf3 e6 3. d4 cxd4 4. Nxd4 a6 5. Nc3 b5 6. Be2 Bb7 7. f3 Bc5 8. Nb3
Bb6 9. Bf4 Nf6 10. Qd6 Nc6 11. Nc5 Bxc5 12. Qxc5 Ne7 13. Bd6 Nc8 14. e5 Nd5 15.
Ne4 Nf4 16. Bc7 Qe7 17. Bd6 Qd8 18. Bc7 Qe7 19. Qxe7+ Kxe7 20. Bd6+ Nxd6 21.
Nxd6 Bd5 22. c4 bxc4 23. Bxc4 Bxc4 24. Nxc4 Rac8 25. b3 Nxg2+ 26. Kf2 Nf4 27.
Rhd1 Rc5 28. Rd6 Rc6 29. Rad1 Nd5 30. Rxc6 dxc6 31. Na5 Rc8 32. Rg1 g6 33. Rc1
Nb4 34. Rc3 c5 35. a3 Nd5 36. Rc2 Rc7 37. b4 cxb4 38. Rxc7+ Nxc7 39. Nc6+ Kf8
40. Nxb4 Kg7 41. Ke3 f6 42. Kd4 Nb5+ 43. Kc5 Nxa3 44. Nxa6 fxe5 45. Nc7 Kf6 46.
Ne8+ Ke7 47. Nd6 Nc2 48. Nc4 Kf6 49. Kd6 Nd4 50. Nd2 Kf5 51. Ke7 g5 52. h3 h5
53. Kf7 h4 54. Kg7 Kf4 55. Kf6 Nxf3 56. Nf1 Nd4 57. Nd2 e4 58. Nxe4 Kxe4 59.
Kxg5 Nf3+ 60. Kg4 Ke3 61. Kh5 e5 62. Kg4 0-1

[Event "Stockerau-Open 2010 B-Turnier"]
[Site "Veranstaltungszentrum Z2000 -"]
[Date "2010.05.13"]
[Round "1"]
[White "Ruck, Helmut"]
[Black "Schwab, Lukas"]
[Result "1-0"]
[WhiteElo "1750"]
[BlackElo "1508"]
[PlyCount "79"]
[EventDate "2010.05.13"]

1. d4 d5 2. Nf3 Nf6 3. e3 Bf5 4. b3 e6 5. Bb2 Nbd7 6. Be2 Bd6 7. Nbd2 O-O 8.
O-O Qe7 9. c4 c5 10. a3 a5 11. Nh4 Bg6 12. Nxg6 fxg6 13. Bf3 b6 14. a4 Rac8 15.
Qe2 Rfe8 16. g3 Qf7 17. Bg2 e5 18. dxe5 Bxe5 19. Bxe5 Nxe5 20. cxd5 Nxd5 21.
Rac1 Rcd8 22. Rfd1 Nb4 23. Nc4 Nxc4 24. Rxc4 Rf8 25. Rd2 Rd7 26. Rf4 Qe8 27.
Rxf8+ Kxf8 28. Qf3+ Rf7 29. Qd1 Qe5 30. Rd8+ Ke7 31. Bh3 h6 32. Bf1 Rf5 33. Bb5
Kf7 34. Qd7+ Qe7 35. Qc8 Kf6 36. Rf8+ Kg5 37. h4+ Kg4 38. Be2+ Kh3 39. Rxf5
gxf5 40. Qxf5# 1-0

[Event "Stockerau-Open 2010 B-Turnier"]
[Site "Veranstaltungszentrum Z2000 -"]
[Date "2010.05.13"]
[Round "1"]
[White "Strass, Stephan"]
[Black "Reif, Werner"]
[Result "1/2-1/2"]
[WhiteElo "1422"]
[BlackElo "1824"]
[PlyCount "72"]
[EventDate "2010.05.13"]

1. e4 c5 2. Nf3 d6 3. d4 cxd4 4. Nxd4 Nf6 5. Nc3 Nc6 6. Bc4 Na5 7. Bd3 g6 8.
O-O Bg7 9. Nf3 Nc6 10. Bg5 O-O 11. h3 Be6 12. a3 Rc8 13. Qd2 Ne5 14. Nxe5 dxe5
15. Rfd1 Qb6 16. Na4 Qc6 17. Nc3 Rfd8 18. Qe3 a6 19. Be2 Rd4 20. Rxd4 exd4 21.
Qxd4 Nd7 22. Qe3 Bxc3 23. Qxc3 Qxc3 24. bxc3 Rxc3 25. Bd1 f6 26. Bd2 Rc4 27. f3
h5 28. Rb1 Kf7 29. Kf2 b5 30. c3 Nb6 31. Bb3 Rc6 32. Bxe6+ Kxe6 33. Ke2 Rc4 34.
Rb4 Ke5 35. Rxc4 Nxc4 36. Bc1 f5 1/2-1/2

[Event "Stockerau-Open 2010 B-Turnier"]
[Site "Veranstaltungszentrum Z2000 -"]
[Date "2010.05.13"]
[Round "1"]
[White "Stachl, Josef"]
[Black "Hansi, Othmar"]
[Result "1/2-1/2"]
[WhiteElo "1726"]
[BlackElo "1660"]
[PlyCount "86"]
[EventDate "2010.05.13"]

1. d4 Nf6 2. c4 g6 3. Nc3 Bg7 4. e4 d6 5. Be2 O-O 6. Bg5 b6 7. Bf3 e5 8. dxe5
dxe5 9. Qxd8 Rxd8 10. Nd5 Nbd7 11. Nxc7 Rb8 12. Ne2 h6 13. Be3 Bb7 14. Nd5 Nxd5
15. cxd5 Rbc8 16. Nc3 Nc5 17. Bxc5 Rxc5 18. O-O Bf6 19. Rfd1 Rd6 20. g3 Be7 21.
h4 h5 22. Rac1 Rf6 23. Bg2 Ra5 24. a3 Rc5 25. b4 Rc8 26. Nb5 Rxc1 27. Rxc1 a6
28. Na7 Bd6 29. Nc8 Bf8 30. Rc7 Bxc8 31. Rxc8 a5 32. bxa5 bxa5 33. Ra8 a4 34.
Rxa4 Bc5 35. Rc4 Bxf2+ 36. Kh2 Ra6 37. a4 Rb6 38. Rc2 Be1 39. Re2 Ba5 40. Bh3
Rb4 41. Bd7 Kf8 42. Bb5 Ke7 43. Bc6 Kd6 1/2-1/2

[Event "Stockerau-Open 2010 B-Turnier"]
[Site "Veranstaltungszentrum Z2000 -"]
[Date "2010.05.13"]
[Round "2"]
[White "Gockner, Martin"]
[Black "Reichert, Wolfram"]
[Result "1/2-1/2"]
[WhiteElo "1994"]
[BlackElo "1836"]
[PlyCount "71"]
[EventDate "2010.05.13"]

1. e4 c6 2. d4 d5 3. Nd2 dxe4 4. Nxe4 Bf5 5. Ng3 Bg6 6. h4 h6 7. h5 Bh7 8. Nf3
Nf6 9. Ne5 e6 10. c3 Bd6 11. f4 Nbd7 12. Bc4 Ne4 13. Nxe4 Bxe4 14. Qe2 Nf6 15.
Rh3 O-O 16. g4 Bd5 17. Bd3 Nh7 18. Bxh7+ Kxh7 19. Qc2+ f5 20. gxf5 exf5 21. Be3
Be4 22. Qf2 Rf6 23. Rg3 Qe8 24. Qg1 Qe7 25. O-O-O Rg8 26. Rg6 Qe6 27. b3 Bxe5
28. dxe5 Rxg6 29. hxg6+ Qxg6 30. Bxa7 Qxg1 31. Bxg1 g5 32. Rd7+ Rg7 33. e6 Bd5
34. e7 Bf7 35. fxg5 hxg5 36. Bd4 1/2-1/2

[Event "Stockerau-Open 2010 B-Turnier"]
[Site "Veranstaltungszentrum Z2000 -"]
[Date "2010.05.13"]
[Round "2"]
[White "Molnar, Kristof"]
[Black "Mischek, Gerhard"]
[Result "1-0"]
[WhiteElo "1760"]
[BlackElo "1864"]
[PlyCount "105"]
[EventDate "2010.05.13"]

1. e4 e5 2. Bc4 Nf6 3. Nf3 Nxe4 4. Nc3 Nd6 5. Bb3 Nc6 6. O-O Be7 7. Re1 O-O 8.
Nxe5 Bf6 9. Nf3 Nf5 10. Ne4 d6 11. c3 Be6 12. Bc2 Be7 13. d4 d5 14. Neg5 Bd7
15. Ne5 Nxe5 16. Bxf5 Bxf5 17. Rxe5 Bg6 18. Nh3 Bd6 19. Re1 Bf5 20. Bf4 h6 21.
Bxd6 {remis} Qxd6 22. Qf3 Be4 23. Qf4 Qb6 24. b3 Rae8 25. Re3 Re6 26. f3 Bg6
27. Rae1 Rfe8 28. Rxe6 Rxe6 29. Rxe6 {remis} Qxe6 30. Qe5 Bb1 31. Qxe6 fxe6 32.
a3 g5 33. Nf2 h5 34. Nh3 g4 35. Nf4 Kf7 36. Nxh5 gxf3 37. gxf3 Kg6 38. Ng3 Kg5
39. Kf2 Bc2 40. b4 Kh4 41. Ne2 Bf5 42. Nf4 Kg5 43. Kg3 b5 44. Ng2 Bb1 45. Ne3
Bd3 46. Ng4 Bg6 47. Ne5 Be8 48. Nd3 Kf5 49. Nc5 Kf6 50. Kf4 Bh5 51. h4 Be8 52.
Na6 c6 53. Nb8 1-0

[Event "Stockerau-Open 2010 B-Turnier"]
[Site "Veranstaltungszentrum Z2000 -"]
[Date "2010.05.13"]
[Round "2"]
[White "Mursteiner, Gerhard"]
[Black "Seidler, Dieter"]
[Result "1/2-1/2"]
[WhiteElo "1711"]
[BlackElo "1894"]
[PlyCount "108"]
[EventDate "2010.05.13"]

1. d4 e6 2. c4 Nf6 3. Nf3 d5 4. e3 c6 5. Bd2 Ne4 6. Nc3 Nxd2 7. Nxd2 Be7 8. Bd3
O-O 9. Rc1 Nd7 10. cxd5 exd5 11. O-O f5 12. g3 Nf6 13. Nf3 Bd6 14. Ne5 Bxe5 15.
dxe5 Ng4 16. Re1 Nxe5 17. Bf1 Qf6 18. Bg2 Qh6 19. Qd4 Ng4 20. h3 Nf6 21. Kh2
Ne4 22. Rc2 Ng5 23. Qf4 Qg6 24. Rec1 Ne4 25. b4 Be6 26. a4 Rac8 27. Ne2 Qf6 28.
h4 h6 29. Nd4 g5 30. hxg5 hxg5 31. Qf3 Bd7 32. b5 cxb5 33. Rxc8 Rxc8 34. Rxc8+
Bxc8 35. axb5 Kg7 36. Qe2 Bd7 37. Qa2 Qf7 38. Kg1 {remis} f4 39. exf4 gxf4 40.
Qb2 Kg8 41. Qa2 fxg3 42. fxg3 Qh5 43. Bxe4 Qd1+ 44. Kg2 Qxd4 45. Qxd5+ Qxd5 46.
Bxd5+ Kf8 47. Bxb7 Bxb5 48. g4 a5 49. Bd5 Ke7 50. Kf3 a4 51. Ke3 a3 52. Kd2 Bc6
53. Bb3 Ba4 54. Ba2 Kf6 1/2-1/2

[Event "Stockerau-Open 2010 B-Turnier"]
[Site "Veranstaltungszentrum Z2000 -"]
[Date "2010.05.13"]
[Round "2"]
[White "Wetzenkircher, Markus"]
[Black "Ruck, Helmut"]
[Result "0-1"]
[WhiteElo "1614"]
[BlackElo "1750"]
[PlyCount "100"]
[EventDate "2010.05.13"]

1. e4 Nf6 2. Nc3 d5 3. e5 Ne4 4. d4 Bf5 5. f4 e6 6. Nf3 a6 7. a3 c5 8. Be3 c4
9. Nxe4 Bxe4 10. Ng5 Bg6 11. Be2 h6 12. Nf3 Be4 13. O-O Be7 14. Nd2 Bg6 15. Bg4
Qb6 16. b4 cxb3 17. cxb3 Nc6 18. f5 exf5 19. Bxf5 Bxf5 20. Rxf5 g6 21. Rf3 Nxd4
22. Rf4 Bc5 23. Kh1 Nf5 24. Bxc5 Qxc5 25. Rc1 Qe3 26. Rf1 Qb6 27. Qf3 O-O 28.
g4 Nh4 29. Qg3 g5 30. Rf6 Qd4 31. Rd1 Ng6 32. Qe1 Rae8 33. Nf3 Qxg4 34. Rxd5
Nf4 35. Rxf4 Qxf4 36. Qe2 Rd8 37. Rc5 Rfe8 38. Rc4 Qf5 39. h4 g4 40. Nd4 Qb1+
41. Kh2 h5 42. Qe3 Qg6 43. Qf4 Rc8 44. Rb4 b5 45. a4 Rc3 46. axb5 axb5 47. Rxb5
Ra8 48. Qf1 Ra2+ 49. Kg1 Rg3+ 50. Kh1 Qe4+ 0-1

[Event "Stockerau-Open 2010 B-Turnier"]
[Site "Veranstaltungszentrum Z2000 -"]
[Date "2010.05.13"]
[Round "2"]
[White "Kuehnert, Wolfgang"]
[Black "Kersten, Julian"]
[Result "1-0"]
[WhiteElo "1681"]
[BlackElo "1993"]
[PlyCount "55"]
[EventDate "2010.05.13"]

1. c4 Nf6 2. Nc3 e5 3. Nf3 Nc6 4. e4 Bc5 5. Nxe5 Nxe5 6. d4 Bb4 7. dxe5 Nxe4 8.
Qd4 Nxc3 9. bxc3 Be7 10. c5 O-O 11. Bc4 Kh8 12. O-O f6 13. Bd3 fxe5 14. Qxe5
Bf6 15. Qe4 g6 16. Qc4 Bg7 17. Be3 Re8 18. h4 d5 19. cxd6 Qxd6 20. Bc5 Qc6 21.
Qb4 a5 22. Qa3 b6 23. Bd4 Bxd4 24. cxd4 Bb7 25. f3 Re3 26. Rfe1 Rxf3 27. Qe7
Rf1+ 28. Bxf1 1-0

[Event "Stockerau-Open 2010 B-Turnier"]
[Site "Veranstaltungszentrum Z2000 -"]
[Date "2010.05.13"]
[Round "2"]
[White "Wantscher, Juergen"]
[Black "Scharf, Leopold"]
[Result "1-0"]
[WhiteElo "1796"]
[BlackElo "1628"]
[PlyCount "89"]
[EventDate "2010.05.13"]

1. c4 e5 2. Nc3 Nf6 3. Nf3 Nc6 4. g3 d5 5. cxd5 Nxd5 6. Bg2 Be6 7. O-O Nxc3 8.
dxc3 Bd6 9. Qc2 Qd7 10. Ng5 Bc4 11. b3 Ba6 12. Bd5 Nd8 13. Ne4 Be7 14. Rd1 Qg4
15. Bc4 b5 16. f3 Qg6 17. Bd3 Qb6+ 18. Kg2 Ne6 19. b4 h6 20. a4 bxa4 21. Qxa4+
c6 22. Qxa6 O-O 23. Qxb6 axb6 24. Be3 f5 25. Nf2 b5 26. Bc2 g5 27. Bb3 Kf7 28.
Nd3 Kf6 29. Bxe6 Kxe6 30. Nc5+ Bxc5 31. Bxc5 Rxa1 32. Rxa1 Rd8 33. Kf2 Rd2 34.
Ke1 Rc2 35. Rd1 Rxc3 36. Rd6+ Kf7 37. Rxh6 Rc1+ 38. Kd2 Rh1 39. Rxc6 Rxh2 40.
Rb6 Rg2 41. Rxb5 Ke6 42. Ba7 f4 43. gxf4 exf4 44. Kd3 Rg1 45. Bxg1 1-0

[Event "Stockerau-Open 2010 B-Turnier"]
[Site "Veranstaltungszentrum Z2000 -"]
[Date "2010.05.13"]
[Round "2"]
[White "Baronbeck, Johann"]
[Black "Grand, Michael"]
[Result "0-1"]
[WhiteElo "1606"]
[BlackElo "1783"]
[PlyCount "56"]
[EventDate "2010.05.13"]

1. e4 d6 2. Nc3 c5 3. Bc4 Nc6 4. f4 g6 5. Nf3 Bg7 6. O-O e6 7. d3 Nge7 8. Be3
O-O 9. Rb1 a6 10. a3 b5 11. Bb3 Nd4 12. Ne2 Nxb3 13. cxb3 Bb7 14. Ng3 Rc8 15.
d4 f5 16. exf5 exf5 17. dxc5 dxc5 18. Qxd8 Rfxd8 19. Bf2 Rd3 20. Rbc1 Bxb2 21.
Rxc5 Bxa3 22. Rxc8+ Nxc8 23. Re1 Ne7 24. Re3 Rd1+ 25. Re1 Rxe1+ 26. Bxe1 Bd5
27. b4 Bxf3 28. gxf3 Nd5 0-1

[Event "Stockerau-Open 2010 B-Turnier"]
[Site "Veranstaltungszentrum Z2000 -"]
[Date "2010.05.13"]
[Round "2"]
[White "Kunschek, Horst"]
[Black "Strass, Stephan"]
[Result "1-0"]
[WhiteElo "1974"]
[BlackElo "1422"]
[PlyCount "89"]
[EventDate "2010.05.13"]

1. e4 c5 2. Nf3 d6 3. d4 cxd4 4. Nxd4 Nf6 5. Bd3 e6 6. O-O Be7 7. c4 O-O 8. Nc3
Nc6 9. Nxc6 bxc6 10. Be3 Qc7 11. Rc1 e5 12. h3 Be6 13. b3 Rfd8 14. Qe2 Qb7 15.
Kh1 d5 16. exd5 cxd5 17. cxd5 Nxd5 18. Nxd5 Bxd5 19. f3 Qd7 20. Bb5 Qd6 21.
Rfd1 Qe6 22. Rc7 a5 23. Rc2 Rac8 24. Rxc8 Rxc8 25. Rc1 Rxc1+ 26. Bxc1 e4 27.
fxe4 Qxe4 28. Qxe4 Bxe4 29. Be3 Bd8 30. Kg1 f5 31. Bc5 g5 32. Bc4+ Kg7 33. b4
axb4 34. Bxb4 Bb6+ 35. Kf1 Kf6 36. a4 Bd4 37. a5 h5 38. Bd6 f4 39. Bb8 Be5 40.
Bxe5+ Kxe5 41. Be2 h4 42. a6 Kd6 43. Kf2 Kc7 44. Bf3 Bxf3 45. Kxf3 1-0

[Event "Stockerau-Open 2010 B-Turnier"]
[Site "Veranstaltungszentrum Z2000 -"]
[Date "2010.05.13"]
[Round "2"]
[White "Hansi, Othmar"]
[Black "Rusek, Walter"]
[Result "1/2-1/2"]
[WhiteElo "1660"]
[BlackElo "1849"]
[PlyCount "77"]
[EventDate "2010.05.13"]

1. d4 d5 2. Nf3 Nf6 3. g3 Bf5 4. e3 c6 5. c4 e6 6. Nc3 Bb4 7. a3 Bxc3+ 8. bxc3
Ne4 9. Qb3 Qb6 10. Qxb6 axb6 11. Bb2 Nd7 12. Nh4 Bg6 13. Nxg6 hxg6 14. cxd5
exd5 15. c4 dxc4 16. Bxc4 Nd6 17. Bb3 O-O 18. h4 Ra5 19. Bc3 Raa8 20. h5 gxh5
21. Rxh5 Nf6 22. Rh3 Nde4 23. Bb2 Ng4 24. f3 Ngf2 25. Rh2 Nd3+ 26. Ke2 Nxb2 27.
fxe4 Na4 28. Rah1 g5 29. Rh8+ Kg7 30. R8h7+ Kf6 31. Rf1+ Kg6 32. Rfh1 Kf6 33.
e5+ Ke7 34. Rf1 Nc3+ 35. Kd3 Nd5 36. Bxd5 cxd5 37. Ra1 Rh8 38. Rg7 Rhg8 39. Rh7
1/2-1/2

[Event "Stockerau-Open 2010 B-Turnier"]
[Site "Veranstaltungszentrum Z2000 -"]
[Date "2010.05.13"]
[Round "2"]
[White "Reif, Werner"]
[Black "Hoedl, Robert"]
[Result "1/2-1/2"]
[WhiteElo "1824"]
[BlackElo "1639"]
[PlyCount "76"]
[EventDate "2010.05.13"]

1. d4 Nf6 2. Nf3 g6 3. Nc3 d5 4. Bf4 c6 5. e3 Bg7 6. Be2 O-O 7. Ne5 Nbd7 8. h4
Nxe5 9. Bxe5 Nd7 10. Bxg7 Kxg7 11. f4 Nf6 12. g4 Ne4 13. Nxe4 dxe4 14. c3 b5
15. a3 a5 16. Kf2 Be6 17. Qc2 f5 18. g5 Bc4 19. h5 Qd5 20. hxg6 hxg6 21. Rh6
Bxe2 22. Qxe2 Rh8 23. Rah1 Rxh6 24. Rxh6 Rh8 25. Rxh8 Kxh8 26. Kg3 Qf7 27. Qh2+
Qh7 28. Qxh7+ Kxh7 29. a4 Kg7 30. b3 Kf7 31. Kf2 bxa4 32. bxa4 Ke6 33. c4 Kd6
34. Ke2 Ke6 35. Kd2 Kd6 36. Kc3 Ke6 37. c5 Kd7 38. Kc4 e6 1/2-1/2